| 000 | 00924cam a2200313 4500 | ||
|---|---|---|---|
| 001 | A320 | ||
| 008 | 090401t1990 xxu||||| |||| 00| 0 eng d | ||
| 035 | _a(Sirsi) u95363 | ||
| 041 | _aeng | ||
| 110 |
_aRoyal Institution of Chartered Surveyors _94900 |
||
| 245 | _aReview of the Use Classes Order | ||
| 260 |
_bRICS _c1990 |
||
| 300 | _a5p | ||
| 350 | _a3 | ||
| 490 |
_aRICS Memorandum _vRICS/Report(90)17 |
||
| 520 | _aSets out RICS views on the effects of the Town and Country Planning (Use Classes) Order 1987 and the General Development Order 1988. A contribution to the study undertaken for the DoE by Wootton Jeffreys and Bernard Thorpe. | ||
| 650 | _aA2 | ||
| 650 | _aA3 | ||
| 650 | _aB1 | ||
| 650 | _aC1 | ||
| 650 | _aC3 | ||
| 650 | _aCLASS A | ||
| 650 | _aCLASS B | ||
| 650 | _aCLASS C | ||
| 650 | _aUSE CLASSES | ||
| 690 | _aPLANNING LAW AND PRACTICE | ||
| 942 | _n0 | ||
| 948 | _c04/03/1997 | ||
| 999 |
_c98447 _d98447 |
||